[Event "URS-ch (Women)"]
[Site "Ivano Frankovsk"]
[Date "1981.??.??"]
[Round "?"]
[White "Levitina, Irina S"]
[Black "Zaitseva, Ludmila G"]
[Result "1/2-1/2"]
[WhiteElo "2320"]
[BlackElo "2160"]

1.c4 c6 2.Nf3 d5 3.b3 Bg4 4.Ne5 Bf5 5.Bb2 e6 6.g3 Nf6 7.Bg2 Nbd7 8.Nxd7 Qxd7
9.O-O Be7 10.d3 h5 11.cxd5 exd5 12.h4 Rg8 13.Nd2 g5 14.hxg5 Rxg5 15.Nf3 Rg8
16.e4 Bh3 17.Ne5 Qe6 18.exd5 Nxd5 19.Qf3 Bxg2 20.Kxg2 O-O-O 21.Rae1 Rdf8
22.Nxc6 Qxc6 23.Rc1 Bc5 24.Rxc5 Qxc5 25.Rc1 Qxc1 26.Bxc1 Rd8 27.Qxh5 Rd7
28.Qe5 Rg6 29.Qe8+ Kc7 30.Qe5+ Kc8 31.Qd4 Rc6 32.Bg5 f6 33.Bh6 b6 34.Qe4 Kb7
35.Qf5 Kc7 36.Bf4+ Nxf4+ 37.Qxf4+ Kd8 38.Qf5 Rdd6 39.Kf3 Rc2 40.Qh7 Rxa2  1/2-1/2

[Event "NLD-ch"]
[Site "Leeuwarden"]
[Date "1981.??.??"]
[Round "7"]
[White "Grooten, Herman"]
[Black "Kuijf, Marinus"]
[Result "1/2-1/2"]
[WhiteElo "2200"]
[BlackElo "2200"]

1.c4 c6 2.Nc3 d5 3.cxd5 cxd5 4.d4 Nf6 5.Nf3 Nc6 6.Bf4 Bf5 7.e3 e6 8.Bb5 Nd7
9.Qa4 Rc8 10.O-O a6 11.Bxc6 Rxc6 12.Rfc1 Be7 13.Ne2 Nb6 14.Qb3 Rc4 15.Qd1 O-O
16.b3 Rxc1 17.Rxc1 Nd7 18.Ne5 Nxe5 19.Bxe5 Bb4 20.Rc7 Ba5 21.Rxb7 Qa8 22.Re7 Rc8
23.Ng3 Bg6 24.h4 Bb4 25.Rc7 Rxc7 26.Bxc7 Qc6 27.Be5 f6 28.Bf4 Qc2 29.Qg4 Bf7
30.h5 Kf8 31.h6 g5 32.Bb8 Qxa2 33.Nh5 Qb1+ 34.Kh2 Qg6 35.Ng3 Qxh6+ 36.Kg1 Qg6
37.Qd1 Be8 38.e4 dxe4 39.d5 exd5 40.Qxd5 e3 41.fxe3 Qf7 42.Qd4 Be7 43.b4 Qe6
44.Ne4 Bc6 45.Nc5 Qa2 46.e4 a5 47.Bd6 Ke8 48.Bxe7 Kxe7 49.bxa5 Qxa5 50.Nd3 Qa4
51.Nb4 Qb5  1/2-1/2

[Event "BKL-Turnier"]
[Site "Leipzig"]
[Date "1981.??.??"]
[Round "5"]
[White "Vokac, Marek"]
[Black "Starck, Bodo"]
[Result "1-0"]
[WhiteElo "2315"]
[BlackElo "2325"]

1.c4 c6 2.Nf3 d5 3.b3 Bf5 4.g3 e6 5.Bb2 Nf6 6.Bg2 Be7 7.O-O h6 8.d3 O-O 9.Nbd2 Nbd7
10.Qc2 Qb6 11.Rac1 a5 12.a3 Rfc8 13.cxd5 exd5 14.Nd4 Bh7 15.Bh3 Re8 16.Nf5 Bf8
17.e4 dxe4 18.Nxe4 Nxe4 19.dxe4 Ne5 20.Kh1 Rad8 21.Rcd1 Bxf5 22.Bxf5 a4 23.b4 Qb5
24.Bxe5 Rxe5 25.Rfe1 Ree8 26.Bd7 Re7 27.Bh3 Rxd1 28.Rxd1 Re8 29.Bf1 Qb6 30.Kg2 Qc7
31.f3 Qe5 32.Bc4 b5 33.Ba2 Re7 34.Bb1 Rc7 35.f4 Qe7 36.e5 g6 37.Ba2 Kh7 38.Rd6 c5
39.bxc5 Qe8 40.Rf6 Rxc5 41.Qe4 Rc7 42.Bxf7  1-0

[Event "BKL-Turnier"]
[Site "Leipzig"]
[Date "1981.??.??"]
[Round "7"]
[White "Augustin, Josef"]
[Black "Hennings, Artur"]
[Result "1/2-1/2"]
[WhiteElo "2375"]
[BlackElo "2445"]

1.c4 c6 2.Nf3 d5 3.cxd5 cxd5 4.d4 Nf6 5.Nc3 Nc6 6.Bf4 Qb6 7.a3 e6 8.e3 Bd7
9.Bd3 Be7 10.O-O O-O 11.Na4 Qd8 12.Ne5 Nxe5 13.Bxe5 Bxa4 14.Qxa4 Ng4 15.Bg3 Bd6
16.Be2 Bxg3 17.hxg3 Nf6 18.Rac1 Qb6 19.Rc2 Rac8 20.Rfc1 Rxc2 21.Rxc2 Rd8
22.b4 a6 23.Rc1 Kf8 24.Qc2 Ke7 25.Bd3 g6 26.Kf1 Qd6 27.Ke2 Ne8 28.Qc5 h5
29.a4 Rd7 30.Kf3 Rc7 31.Qxd6+ Kxd6 32.Rxc7 Nxc7 33.g4 hxg4+ 34.Kxg4 Ke7 35.Kg5 b5
36.axb5 axb5 37.g4 Na6 38.Bxb5 Nxb4 39.Kf4 Kd6 40.Kg5 Ke7 41.Kf4  1/2-1/2

[Event "Lewisham"]
[Site "Lewisham"]
[Date "1981.??.??"]
[Round "?"]
[White "Kuligowski, Adam"]
[Black "Westerinen, Heikki MJ"]
[Result "0-1"]
[WhiteElo "2450"]
[BlackElo "2420"]

1.c4 c6 2.e4 e5 3.Nf3 d6 4.d4 Nd7 5.Nc3 Ngf6 6.Be2 Be7 7.O-O O-O 8.Re1 a6
9.Bf1 b5 10.c5 Qc7 11.cxd6 Bxd6 12.h3 Re8 13.a3 Bb7 14.g3 Rad8 15.Bg2 exd4
16.Nxd4 Bc5 17.Nb3 Bb6 18.Bf4 Ne5 19.Qe2 Qe7 20.Rad1 Qe6 21.Qc2 Nc4 22.Kh2 h6
23.Bc1 a5 24.a4 b4 25.Ne2 Rxd1 26.Rxd1 Nd6 27.Nbd4 Qc4 28.Qxc4 Nxc4 29.b3 Na3
30.f3 Rd8 31.e5 Ne8 32.f4 Ba6 33.Rd2 c5 34.Nb5 Rxd2 35.Bxd2 Nxb5 36.axb5 Bxb5
37.Nc1 c4 38.Bf1 c3 39.Bxc3 Bxf1  0-1

[Event "Linares"]
[Site "Linares"]
[Date "1981.??.??"]
[Round "?"]
[White "Garcia Gonzales, Guillermo"]
[Black "Bellon Lopez, Juan Manuel"]
[Result "0-1"]
[WhiteElo "2520"]
[BlackElo "2415"]

1.c4 c6 2.Nf3 d5 3.Qc2 Nf6 4.d3 g6 5.b3 Bg7 6.Bb2 O-O 7.g3 Qb6 8.Nbd2 Bg4
9.Bg2 Nbd7 10.O-O Rfe8 11.h3 Bxf3 12.Nxf3 Nh5 13.Bxg7 Kxg7 14.d4 e5 15.Nxe5 Nxe5
16.dxe5 dxc4 17.bxc4 Qc5 18.Kh2 Qxe5 19.e4 Rad8 20.Rad1 Kg8 21.c5 Qe7 22.f4 Ng7
23.e5 Nf5 24.Qc3 Rxd1 25.Rxd1 Rd8 26.Rb1 Nd4 27.Qb4 Rd7 28.h4 Ne6 29.Bh3 Rd4
30.Qxb7 Rd2+ 31.Bg2 Qxc5 32.Rb2 Rd1 33.Qxc6 Qg1+ 34.Kh3 Rd3 35.Qe4 Re3 36.Qb4 a5
37.Qd2 Nxf4+ 38.Kg4 Nd3 39.Rb8+ Kg7 40.e6 f5+  0-1

[Event "Lone Pine op"]
[Site "Lone Pine"]
[Date "1981.??.??"]
[Round "?"]
[White "Kuligowski, Adam"]
[Black "Strauss, David J"]
[Result "1/2-1/2"]
[WhiteElo "2450"]
[BlackElo "2420"]

1.c4 c6 2.b3 d5 3.Bb2 Nf6 4.g3 Bg4 5.h3 Bh5 6.Bg2 e6 7.d3 Nbd7 8.Nd2 Bd6
9.Ngf3 O-O 10.O-O Qe7 11.a3 h6 12.b4 a5 13.c5 Bc7 14.Qc2 Nh7 15.e4 f5 16.exd5 exd5
17.Rae1 Qf7 18.Nd4 axb4 19.axb4 Rae8 20.f4 Rxe1 21.Rxe1 Re8 22.Rxe8+ Qxe8
23.Nxf5 Nhf6 24.Nf1 Bg6 25.Nd4 h5 26.Nf3 Qe6 27.Nh4 Bh7 28.Bd4 Kh8 29.Ne3 b6
30.Nf3 bxc5 31.bxc5 Qe7 32.Qc3 Bg6 33.Bf1 Bh7 34.Nc2 h4 35.Be5 Bxe5 36.fxe5 Nh5
37.g4 Ng3 38.d4 Qf7 39.Nce1 Nf8 40.Qe3 Ne6 41.Ba6 Ne4 42.Nxh4 Qa7 43.Bf1 Qa1
44.Nhf3 Ng3 45.Kg2 Nxf1 46.Kxf1 Be4 47.Kf2 g5 48.Nxg5 Nxg5 49.Qxg5 Qxd4+
50.Qe3 Qb2+ 51.Kf1 Qxe5 52.Nf3 Qa1+ 53.Kf2 Qb2+ 54.Kg3 Bxf3 55.Kxf3 Qf6+
56.Kg3 d4 57.Qf4 Qg7 58.Qd6 Kg8 59.Kf4 Qf7+ 60.Ke4 Qh7+ 61.Kxd4 Qxh3 62.Qg6+ Kf8
63.Ke5 Qg3+ 64.Ke6 Qb3+ 65.Kd7 Qb7+ 66.Kd6 Qd7+ 67.Ke5 Qd5+ 68.Kf6 Qd4+ 69.Kg5 Qxc5+  1/2-1/2

[Event "POL-chT"]
[Site "Lubniewice"]
[Date "1981.??.??"]
[Round "7"]
[White "Jagodzinski, Waldemar"]
[Black "Sledziewski, Janusz"]
[Result "1/2-1/2"]
[WhiteElo "2200"]
[BlackElo "2200"]

1.c4 c6 2.d4 d5 3.Nf3 Nf6 4.e3 e6 5.Bd3 Nbd7 6.O-O Bd6 7.Nc3 O-O 8.e4 dxe4
9.Nxe4 Nxe4 10.Bxe4 Nf6 11.Bc2 c5 12.Bg5 cxd4 13.Qd3 Re8 14.Nxd4 h6 15.Bh4 Be5
16.Rad1 Bxd4 17.Qxd4 Qxd4 18.Rxd4 e5 19.Rd6 Be6 20.b3 Rad8 21.Rfd1 Rxd6 22.Rxd6 Kf8
23.f3 Ke7 24.Rd2 g5 25.Bf2 Nd7 26.c5 Rc8 27.b4 b6 28.cxb6 axb6 29.a4 Rc4
30.Be1 Nb8 31.Re2 Nc6 32.Bd3 Rd4 33.Bb5 Nxb4 34.Rxe5 Nd3 35.Bc3 Nxe5 36.Bxd4 Nd7  1/2-1/2

[Event "Malaga"]
[Site "Malaga"]
[Date "1981.??.??"]
[Round "1"]
[White "Csom, Istvan"]
[Black "Rivas Pastor, Manuel"]
[Result "1/2-1/2"]
[WhiteElo "2500"]
[BlackElo "2460"]

1.c4 c6 2.Nf3 d5 3.Qc2 Nf6 4.g3 Bg4 5.Bg2 Nbd7 6.O-O Bxf3 7.exf3 dxc4 8.Qxc4 g6
9.Re1 Bg7 10.Qd4 O-O 11.Nc3 Qb6 12.Qxb6 axb6 13.Rxe7 Rfe8 14.Rxe8+ Rxe8 15.b3 Re1+
16.Bf1 Ne5 17.Kg2 Nxf3 18.Kxf3 Rxf1 19.Bb2 Rxa1 20.Bxa1 b5 21.Bb2 Nd5 22.Nxd5 Bxb2
23.Nf4 Kf8 24.Nd3 Bd4 25.Ke4 Bb6 26.g4 Ke7 27.f4 Ke6 28.f5+ Kf6 29.Ne5 Bc7
30.d4 gxf5+ 31.gxf5 Bd6 32.Ng4+ Kg5 33.Ne5 Kf6 34.Ng4+ Kg5 35.Ne5 Kf6  1/2-1/2

[Event "Sokolsky mem"]
[Site "Minsk"]
[Date "1981.??.??"]
[Round "8"]
[White "Mochalov, Evgeny V"]
[Black "Begun, Sergei M"]
[Result "1/2-1/2"]
[WhiteElo "2430"]
[BlackElo "2385"]

1.c4 c6 2.e4 d5 3.exd5 cxd5 4.d4 Nf6 5.Nc3 e6 6.Nf3 Be7 7.cxd5 Nxd5 8.Bd3 Nc6
9.O-O O-O 10.Re1 Nf6 11.a3 b6 12.Bc2 Ba6 13.b4 Rc8 14.Bb3 Na5 15.bxa5 Rxc3
16.Ne5 Bb7 17.Bb2 Rc7  1/2-1/2

[Event "Montreal zt"]
[Site "Montreal"]
[Date "1981.??.??"]
[Round "?"]
[White "Vranesic, Zvonko"]
[Black "Pelts, Roman"]
[Result "1/2-1/2"]
[WhiteElo "2390"]
[BlackElo "2435"]

1.c4 c6 2.d4 d5 3.Nc3 Nf6 4.cxd5 cxd5 5.Nf3 Nc6 6.Bf4 Bf5 7.Qb3 Qb6 8.Qxb6 axb6
9.e3 e6 10.Be2 Be7 11.O-O O-O 12.Nh4 Bg6 13.Nxg6 hxg6 14.Rfc1 Rfd8 15.h3  1/2-1/2

[Event "Moscow-ch"]
[Site "Moscow"]
[Date "1981.??.??"]
[Round "3"]
[White "Razuvaev, Yuri S"]
[Black "Jussupow, Artur"]
[Result "1/2-1/2"]
[WhiteElo "2525"]
[BlackElo "2575"]

1.c4 c6 2.d4 d5 3.Nf3 Nf6 4.cxd5 cxd5 5.Nc3 Nc6 6.Bf4 Bf5 7.e3 e6 8.Bb5 Nd7
9.O-O Be7 10.Bxc6 bxc6 11.Ne5 Nxe5 12.Bxe5 O-O 13.Na4 Qa5 14.Rc1 Rfc8  1/2-1/2

[Event "Nis"]
[Site "Nis"]
[Date "1981.??.??"]
[Round "6"]
[White "Karlsson, Lars"]
[Black "Matulovic, Milan"]
[Result "1/2-1/2"]
[WhiteElo "2460"]
[BlackElo "2495"]

1.c4 c6 2.Nf3 Nf6 3.b3 d5 4.Bb2 Bf5 5.g3 e6 6.Bg2 Be7 7.d3 h6 8.O-O O-O 9.Nbd2 Nbd7
10.a3 a5 11.Bc3 Re8 12.Qc2 Bh7 13.Qb2 Bf8 14.b4 axb4 15.axb4 Rxa1 16.Rxa1 e5
17.Nxe5 Nxe5 18.Bxe5 Nd7 19.Bd4 Rxe2 20.Bf3 Re8 21.cxd5 cxd5 22.Bxd5 Ne5
23.Qb3 Bg6 24.Bxe5 Rxe5  1/2-1/2

[Event "Nis"]
[Site "Nis"]
[Date "1981.??.??"]
[Round "12"]
[White "Csom, Istvan"]
[Black "Matulovic, Milan"]
[Result "1/2-1/2"]
[WhiteElo "2500"]
[BlackElo "2495"]

1.c4 c6 2.d4 d5 3.cxd5 cxd5 4.Nc3 Nf6 5.Bf4 Nc6 6.e3 e6 7.Bd3 Bd6 8.Bxd6 Qxd6
9.f4 Bd7 10.Nf3 Ng4 11.Qd2 Nb4 12.Be2 Nxe3 13.Kf2 Ng4+ 14.Kg1 O-O 15.h3 Nf6
16.Ne5 Rfd8 17.Bf3 Ne8 18.Re1 Nc7 19.a3 Nc6 20.g4 b5 21.Rh2 a5 22.Ne2 b4
23.a4 Ne7 24.b3 Rac8 25.Rg2 f6 26.Nd3 Na6 27.Ng3 Ng6 28.Bd1 Nh4 29.Rf2 Be8
30.Qe3 Bf7 31.Rd2 Re8 32.Qf2 Ng6 33.f5 exf5 34.Rxe8+ Bxe8 35.Nxf5 Qf8 36.Bf3 Bf7
37.Qg2 Qd8 38.h4 Rc3 39.h5 Ne7 40.Nf4 Nxf5 41.gxf5 Qe7 42.Re2 Qa7 43.Rd2 Qe7
44.Re2 Qa7 45.Rd2  1/2-1/2

[Event "Porz"]
[Site "Porz"]
[Date "1981.??.??"]
[Round "?"]
[White "Hort, Vlastimil"]
[Black "Schmidt, Bodo"]
[Result "1-0"]
[WhiteElo "2595"]
[BlackElo "2360"]

1.c4 c6 2.e4 d5 3.exd5 cxd5 4.d4 Nf6 5.Nc3 e6 6.Nf3 Be7 7.a3 O-O 8.Bg5 Ne4
9.Bxe7 Nxc3 10.bxc3 Qxe7 11.Qc2 e5 12.cxd5 exd4+ 13.Be2 dxc3 14.O-O Bg4 15.Nd4 Bxe2
16.Nxe2 Rc8 17.Nxc3 Nd7 18.Rfe1 Qc5 19.Qb3 Nf6 20.Rac1 Ng4 21.Rc2 Re8 22.Ne4 Qd4
23.Rce2 Red8 24.d6 h6 25.Rd1 Qe5 26.Ng3 Qc5 27.d7 Nf6 28.Ne4 Nxe4 29.Rxe4 Qc6
30.Re7 Qf6 31.Rde1 b6 32.Qd5 Rab8 33.Re8+ Kh7 34.g3 g6 35.R1e3 Kg7 36.Rf3 Rxd7
37.Qxd7 Qxf3 38.Qd4+  1-0

[Event "Riga"]
[Site "Riga"]
[Date "1981.??.??"]
[Round "5"]
[White "Bagirov, Vladimir"]
[Black "Ivkov, Borislav"]
[Result "1/2-1/2"]
[WhiteElo "2505"]
[BlackElo "2510"]

1.c4 c6 2.d4 d5 3.cxd5 cxd5 4.Nc3 Nf6 5.Nf3 Nc6 6.Bf4 e6 7.e3 Bd6 8.Bg3 Bxg3
9.hxg3 Qb6 10.a3 Bd7 11.Bd3 Rc8 12.Qe2 g6 13.Rd1 a6 14.Rh4 Qa5 15.Nd2 Qd8
16.f4 Qb6 17.Nf3 Na7 18.Ne5  1/2-1/2

[Event "Tallinn"]
[Site "Tallinn"]
[Date "1981.??.??"]
[Round "13"]
[White "Nei, Iivo"]
[Black "Bagirov, Vladimir"]
[Result "1/2-1/2"]
[WhiteElo "2495"]
[BlackElo "2505"]

1.c4 c6 2.Nf3 d5 3.cxd5 cxd5 4.d4 Nc6 5.Nc3 Nf6 6.Bf4 Bf5 7.e3 e6 8.Bd3 Bxd3
9.Qxd3 Bd6 10.Bxd6 Qxd6 11.O-O O-O 12.h3 Rfc8 13.Rfc1 Ne7 14.Ne2 a6 15.Rxc8+ Rxc8
16.Rc1 Rxc1+  1/2-1/2

[Event "Tuzla"]
[Site "Tuzla"]
[Date "1981.??.??"]
[Round "15"]
[White "Robatsch, Karl"]
[Black "Schussler, Harry"]
[Result "1/2-1/2"]
[WhiteElo "2425"]
[BlackElo "2495"]

1.c4 c6 2.d4 d5 3.cxd5 cxd5 4.Nc3 Nc6 5.Nf3 Nf6 6.Bf4 Bf5 7.e3 e6 8.Bd3 Bxd3
9.Qxd3 Bd6 10.Bxd6 Qxd6 11.O-O O-O 12.Rfc1 Rfc8 13.Qb5  1/2-1/2

[Event "URS-FL49"]
[Site "Volgodonsk"]
[Date "1981.??.??"]
[Round "9"]
[White "Gulko, Boris F"]
[Black "Azmaiparashvili, Zurab"]
[Result "1/2-1/2"]
[WhiteElo "2565"]
[BlackElo "2390"]

1.c4 c6 2.e4 d5 3.exd5 cxd5 4.d4 Nf6 5.Nc3 Nc6 6.Bg5 e6 7.Nf3 Be7 8.c5 O-O
9.Bb5 Bd7 10.O-O b6 11.Bxc6 Bxc6 12.Ne5 Qe8 13.b4 Bb7 14.Qc2 Rc8 15.Rfe1 Nd7
16.Bf4 Nxe5 17.Bxe5 bxc5 18.bxc5 Qd7 19.Rad1 Bc6 20.Bg3 Bf6 21.Be5 Be7 22.Bg3 Bf6
23.Be5 Be7  1/2-1/2

[Event "URS-FL49"]
[Site "Volgodonsk"]
[Date "1981.??.??"]
[Round "15"]
[White "Chernin, Alexander"]
[Black "Azmaiparashvili, Zurab"]
[Result "1/2-1/2"]
[WhiteElo "2455"]
[BlackElo "2390"]

1.c4 c6 2.Nf3 d5 3.e3 g6 4.Nc3 Bg7 5.d4 Nf6 6.Bd3 O-O 7.O-O Bg4 8.h3 Bxf3
9.Qxf3 dxc4 10.Bxc4 Nbd7 11.Rd1 e5 12.d5 cxd5 13.Bxd5 Qb6 14.Bxb7 Rad8 15.Qc6 Nc5
16.Rxd8 Rxd8 17.Qxb6 axb6 18.Bc6 Rd6 19.Bf3 e4 20.Be2 Nd5 21.Nxd5 Rxd5 22.Rb1 Nd3
23.Bxd3 Rxd3 24.Kf1 Rd1+ 25.Ke2 Rg1 26.a4  1/2-1/2

[Event "Elekes mem-B"]
[Site "Budapest"]
[Date "1982.??.??"]
[Round "?"]
[White "Boensch, Uwe"]
[Black "Navarovszky, Laszlo"]
[Result "1-0"]
[WhiteElo "2410"]
[BlackElo "2360"]

1.c4 c6 2.Nf3 Nf6 3.b3 d5 4.Bb2 Bf5 5.e3 e6 6.Be2 h6 7.O-O Be7 8.d4 O-O 9.Nc3 Nbd7
10.Nd2 Re8 11.Bf3 Qb6 12.e4 dxe4 13.Ndxe4 Rad8 14.Qe2 Nxe4 15.Nxe4 Nf6 16.Ng3 Bg6
17.Rfd1 Nh7 18.Nh5 Bxh5 19.Bxh5 Bf6 20.Qe3 Rd7 21.Rd2 Red8 22.Rad1 Qa5 23.Bg4 Qc7
24.g3 c5 25.Bc3 cxd4 26.Bxd4 Bxd4 27.Rxd4 Rxd4 28.Rxd4 Nf6 29.Bf3 Rxd4 30.Qxd4 b6
31.Ba8 Kf8 32.b4 Ke7 33.Bf3 g5 34.c5 bxc5 35.bxc5 Nd7 36.c6 Ne5 37.Qc5+ Qd6
38.Qxa7+ Kf6 39.Qe3 Nxc6 40.Qc3+ Nd4 41.Kg2 e5 42.Be4 Ke7 43.a4 f5 44.Bb7 Qb6
45.Qc8 f4 46.Be4 f3+ 47.Bxf3 Nxf3 48.Kxf3 Qb3+ 49.Kg4 Qd1+ 50.f3 Qxa4+ 51.Kf5 Qb3
52.Qc7+ Kf8 53.Qd6+ Kf7 54.Qf6+ Ke8 55.Qxe5+ Kd7 56.Kg6 Qb6+ 57.Qf6 Qf2 58.Qg7+ Kd8
59.Qxh6 Qc2+ 60.Kxg5 Qd2+ 61.f4 Qd5+ 62.Kh4  1-0

[Event "Caorle op"]
[Site "Caorle"]
[Date "1982.??.??"]
[Round "7"]
[White "Vaisman, Volodia"]
[Black "Klaric, Zlatko"]
[Result "1/2-1/2"]
[WhiteElo "2380"]
[BlackElo "2440"]

1.c4 c6 2.e4 g6 3.Nc3 Bg7 4.Nf3 d6 5.d4 a6 6.Be2 b5 7.O-O Qc7 8.Bf4 e5 9.Bg3 b4
10.Na4 Bg4 11.c5 Bxf3 12.Bxf3 Nd7 13.Rc1 Ne7 14.Qb3 a5 15.Rfd1 dxc5 16.Nxc5 Rd8
17.Nxd7 Rxd7 18.d5 Bf6 19.Qa4 O-O 20.dxc6 Rxd1+ 21.Bxd1 h5 22.h4 Rd8 23.Bb3 Rd4
24.f3 Rd6 25.Qb5 Rxc6 26.Rd1 Kg7 27.Kh2 Kf8 28.Ba4 Kg7 29.Qd3 Rc1 30.Bf2 g5
31.Qd7 gxh4 32.Be3 Qxd7 33.Rxd7 Re1 34.Bd2 Rb1 35.b3 Rb2 36.Be3 Rxa2 37.Bb5 Rc2
38.Kg1 Rc3 39.Rd3 Ng6 40.Kf2 Nf4 41.Rxc3 bxc3 42.Bxf4 exf4 43.Ke2 Be5 44.Bd7 Kh6
45.Bh3 Kg5 46.Kd3 Kf6 47.Kc2 Ke7 48.Kd3 Kd6 49.Kc2 Bg7 50.Kd3 Kc5 51.Bd7 Kd6
52.Bh3 Be5 53.Kc2 Bh8 54.Kd3 Kc5 55.Bd7 h3 56.Bxh3 Bg7 57.Bd7 Kd6 58.Bh3 Ke7
59.Kc2 Be5 60.Kd3 Kf6 61.Bd7 Kg5 62.Be8 f6 63.Bf7 Kh4 64.Kc2 Kg5 65.Be8 h4
66.Bd7 Kg6 67.Kd3 Kf7 68.Bf5 Ke7 69.Bh7 Kd6 70.Bf5 Kc5 71.Be6  1/2-1/2

[Event "Politiken Cup"]
[Site "Copenhagen"]
[Date "1982.??.??"]
[Round "5"]
[White "Brondum, Eric"]
[Black "Ravikumar, Vaidyanathan"]
[Result "1/2-1/2"]
[WhiteElo "2275"]
[BlackElo "2395"]

1.c4 c6 2.d4 d5 3.Nf3 Nf6 4.Nc3 dxc4 5.e4 Bg4 6.Bxc4 e6 7.Be3 Nbd7 8.O-O Be7
9.Qe2 O-O 10.Rfd1 Qa5 11.h3 Bh5 12.a3 Rfd8 13.Bf4 b5 14.Bd3 Qb6 15.e5 Bxf3
16.Qxf3 Nd5 17.Be3 a6 18.Ne4 Nxe3 19.Qxe3 c5 20.dxc5 Nxc5 21.b4 Nd7 22.Qg3 g6
23.Be2 a5 24.bxa5 Rxa5 25.Rab1 Rxa3 26.Qf4 Qc7 27.Rxb5 Rda8 28.Nd6 Bxd6 29.exd6 Qc2
30.Bf3 Ra1 31.Rxa1 Rxa1+ 32.Kh2 Qxf2 33.Rb7 Qg1+ 34.Kg3 Qe1+ 35.Kh2 Qg1+
36.Kg3 Qe1+ 37.Kh2 Qh1+ 38.Kg3 Qe1+ 39.Kh2 Qh1+ 40.Kg3 Qe1+ 41.Kh2  1/2-1/2

[Event "Politiken Cup"]
[Site "Copenhagen"]
[Date "1982.??.??"]
[Round "7"]
[White "Davies, Nigel R"]
[Black "Kirov, Nino"]
[Result "0-1"]
[WhiteElo "2410"]
[BlackElo "2430"]

1.c4 c6 2.Nc3 d5 3.e3 e5 4.Nf3 d4 5.Ne4 dxe3 6.fxe3 f5 7.Ng3 e4 8.Nd4 Nh6
9.d3 Ng4 10.Qe2 Qh4 11.Kd1 exd3 12.Qf3 Ne5 13.Qf4 Qxf4 14.exf4 Ng4 15.Ke1 Bc5
16.h3 Nf2 17.Kxf2 Bxd4+ 18.Ke1 O-O 19.Bxd3 Na6 20.Ne2 Bf6 21.Kf2 Be6 22.g4 Nb4
23.Bxf5 Bh4+ 24.Kf3 Bxc4 25.Nc3 Rae8 26.b3 Bd5+ 27.Nxd5 Nxd5 28.Bd2 g6 29.Bd3 Bg5
30.Bc4 Bxf4 31.Bxd5+ cxd5 32.Bxf4 Re4 33.Rhe1 Rexf4+ 34.Kg2 Rf2+ 35.Kg1 Rd2
36.Rac1 Rf7 37.g5 Rd3 38.h4 Rg3+ 39.Kh2 Rgf3 40.Re6 Rd7 41.Kg2 Rf5 42.Rc8+ Rf8
43.Rc3 Kg7 44.Rd3 Rf5 45.Re8 Kf7 46.Ra8 a6 47.Rc8 d4 48.Rc4 Rf4 49.Kg3 Re4
50.Rd2 Ke6 51.b4 Re3+ 52.Kf4 Rf7+ 53.Kg4 Re4+ 54.Kg3 Rff4 55.Rc7 Rg4+ 56.Kf3 Rgf4+
57.Kg3 Rf7 58.Rc4 Re3+ 59.Kg4 d3 60.Rf4 Rd7 61.h5 Ke5  0-1

[Event "Esbjerg-B"]
[Site "Esbjerg"]
[Date "1982.??.??"]
[Round "1"]
[White "Berg, Klaus"]
[Black "Ravikumar, Vaidyanathan"]
[Result "0-1"]
[WhiteElo "2295"]
[BlackElo "2395"]

1.c4 c6 2.e4 d5 3.exd5 cxd5 4.d4 Nf6 5.Nc3 g6 6.Qb3 Bg7 7.cxd5 O-O 8.Be2 Nbd7
9.Bf3 Nb6 10.Nge2 Bf5 11.a4 Bd3 12.a5 Bc4 13.Qb4 Bxe2 14.Kxe2 Nbxd5 15.Qxb7 e6
16.Ra4 Re8 17.g3 Rc8 18.Qb3 Nxc3+ 19.bxc3 e5 20.dxe5 Rxe5+ 21.Be3 Bh6 22.Rd1 Qe8
23.Rd3 Nd7 24.Re4 Rxe4 25.Bxe4 Qxe4 26.Rxd7 Qg4+ 27.Ke1 Qxd7 28.Bxh6 Qd3
29.Be3 a6 30.Bd4 Re8+ 31.Be3 h5 32.Qb4 Re4 33.Qb8+ Kg7 34.Qc7 Qd5 35.Ke2 Ra4
36.Bd2 Qe4+ 37.Kd1 Ra1+ 38.Bc1 Qd3+  0-1

[Event "Bundesliga 8182"]
[Site "Germany"]
[Date "1982.??.??"]
[Round "?"]
[White "Klundt, Klaus"]
[Black "Hermann, Manfred"]
[Result "1/2-1/2"]
[WhiteElo "2380"]
[BlackElo "2365"]

1.c4 c6 2.e4 d5 3.exd5 cxd5 4.d4 Nf6 5.Nc3 Nc6 6.Bg5 Qa5 7.Nf3 Ne4 8.cxd5 Nxc3
9.bxc3 Qxd5 10.Be2 e6 11.O-O Be7 12.Bxe7 Nxe7 13.Ne5 O-O 14.Bf3 Qa5 15.Qb3 Rb8
16.c4 f6 17.Nc6 Nxc6 18.Bxc6 Qc7 19.Be4 Bd7 20.Rfe1 b6 21.Bc2 Rfd8 22.Rad1 Bc8
23.Qd3 g6 24.Bb3 Kg7 25.Qe3 Re8 26.h4 e5 27.Qg3 Re7 28.Qc3  1/2-1/2

[Event "Bundesliga 8182"]
[Site "Germany"]
[Date "1982.??.??"]
[Round "?"]
[White "Kavalek, Lubomir"]
[Black "Hermann, Manfred"]
[Result "1/2-1/2"]
[WhiteElo "2595"]
[BlackElo "2380"]

1.c4 c6 2.d4 d5 3.Nf3 Nf6 4.Nc3 dxc4 5.a4 Bf5 6.e3 e6 7.Bxc4 Bb4 8.O-O O-O
9.Qe2 Nbd7 10.e4 Bg6 11.Bd3 Bh5 12.e5 Nd5 13.Nxd5 cxd5 14.Qe3 h6 15.Ne1 Bxe1
16.Rxe1 Bg6 17.Be2 Rc8 18.Bd2 Qb6 19.Bc3 a5 20.Qd2 Qa7 21.Bb5 Nb8 22.Rec1 Nc6
23.Bxc6 Rxc6 24.Bxa5 Rxc1+ 25.Rxc1 Ra8 26.Bb4  1/2-1/2

[Event "Bundesliga 8182"]
[Site "Germany"]
[Date "1982.??.??"]
[Round "?"]
[White "Hess, Ralf"]
[Black "Schmidt, Bodo"]
[Result "1/2-1/2"]
[WhiteElo "2415"]
[BlackElo "2360"]

1.c4 c6 2.Nf3 Nf6 3.b3 d5 4.Bb2 Bg4 5.d3 e6 6.Nbd2 Nbd7 7.h3 Bh5 8.g4 Bg6
9.Bg2 Be7 10.O-O O-O 11.a3 a5 12.Nh4 Ne8 13.Nxg6 hxg6 14.Qc2 Bf6 15.b4 Bxb2
16.Qxb2 Qf6 17.Qxf6 gxf6 18.Rfb1 Nd6 19.Kf1 dxc4 20.Nxc4 Nxc4 21.dxc4 axb4
22.axb4 Ne5 23.c5 Nc4 24.Rd1 g5 25.e3 Rfc8 26.Ke2 Ne5 27.Be4 Kg7 28.f4 Rxa1
29.Rxa1 Ng6 30.Kf3 Rc7 31.Ra7 Ne7 32.Ke2 gxf4 33.exf4 Nd5 34.Bxd5 exd5 35.Kd3 f5
36.b5 cxb5 37.Kd4 fxg4 38.hxg4 Kf6 39.Ra5 Rd7 40.Rxb5 Ke7 41.Rb6 f6 42.g5 fxg5
43.fxg5 Kf7 44.g6+ Kg7 45.Rd6 Rc7 46.Kxd5 Re7 47.Kc4 Kh6 48.Kb5 Re1 49.Kb6 Rb1+
50.Ka7 Rb5  1/2-1/2

[Event "Bundesliga 8182"]
[Site "Germany"]
[Date "1982.??.??"]
[Round "?"]
[White "Hecht, Hans Joachim"]
[Black "Reefschlaeger, Helmut"]
[Result "1/2-1/2"]
[WhiteElo "2460"]
[BlackElo "2410"]

1.c4 c6 2.e4 d5 3.exd5 cxd5 4.cxd5 Nf6 5.Nc3 g6 6.Nf3 Bg7 7.Bb5+ Nbd7 8.d6 e6
9.d4 O-O 10.O-O Nb6 11.Bf4 Nh5 12.Bg5 Qxd6 13.Re1 h6 14.Be3 Bd7 15.Bf1 Nd5
16.Nxd5 Qxd5 17.Ne5 Bb5 18.Bxb5 Qxb5 19.Qf3 Rac8 20.g4 Nf6 21.Bxh6 Bxh6 22.Qxf6 Bg7
23.Qf4 Qxb2 24.Rab1 Qc3 25.Rbc1 Bxe5 26.dxe5 Qh3 27.Rb1 Qc3 28.Re3 Qd2 29.Rxb7 Rc1+
30.Kg2 Qd5+ 31.Qf3 Qxa2 32.Ra3 Qc4 33.Raxa7 Qf1+ 34.Kg3 g5  1/2-1/2

[Event "Bundesliga 8182"]
[Site "Germany"]
[Date "1982.??.??"]
[Round "?"]
[White "Gruenberg, Rainer"]
[Black "Roeder, Frank"]
[Result "1/2-1/2"]
[WhiteElo "2310"]
[BlackElo "2275"]

1.c4 c6 2.e4 d5 3.exd5 Nf6 4.d4 cxd5 5.Nc3 e6 6.Nf3 Be7 7.Bg5 O-O 8.c5 Nc6
9.Bb5 Ne4 10.Bxc6 Nxg5 11.Ba4 Nxf3+ 12.Qxf3 e5 13.dxe5 d4 14.Nd5 Bxc5 15.O-O Be6
16.Nf4 Qe7 17.Nxe6 fxe6 18.Qh3 Rf4 19.g3 Rf3 20.Bd1 Rf7 21.Bb3 Re8 22.Rae1 g6
23.Qg4 Kh8 24.Kg2 Rf5 25.Bc2 Rf7 26.Bd3 Ref8 27.h4 Rg7 28.Rh1 Bb6 29.Re4 h5
30.Qd1 Qe8 31.Qd2 Kg8 32.Rf4 Rxf4 33.Qxf4 Qc6+ 34.Be4 Qd7 35.Qd2 Qb5 36.f4 Qe8
37.Qd3 Kh7 38.Rc1 Re7 39.Qf3 Kg7 40.Bxb7 d3 41.Be4 d2 42.Rd1 Qd8 43.Bc2 Qd4
44.Qd3 Qxd3 45.Bxd3 Ba5 46.a3 Rd7 47.Bc4 Kf7 48.Kf3 Rc7 49.b3 Bc3 50.Ke2 Rd7
51.Rf1 Bb2 52.Kd1 Ke7 53.a4 Bc3 54.Rf3 Bb4 55.Rf1 Rd4 56.Rf3  1/2-1/2

[Event "Bundesliga 8182"]
[Site "Germany"]
[Date "1982.??.??"]
[Round "?"]
[White "Gruenberg, Rainer"]
[Black "Schmidt, Bodo"]
[Result "1/2-1/2"]
[WhiteElo "2310"]
[BlackElo "2360"]

1.c4 c6 2.d4 d5 3.cxd5 cxd5 4.Nc3 Nf6 5.Bf4 Nc6 6.e3 e6 7.Rc1 Be7 8.Bd3 O-O
9.Nf3 Nh5 10.Bg3 f5 11.Ne5 Nxe5 12.Bxe5 Nf6 13.Qb3 Nd7 14.O-O Nxe5 15.dxe5 Qb6
16.Ne2  1/2-1/2

[Event "Bundesliga 8182"]
[Site "Germany"]
[Date "1982.??.??"]
[Round "?"]
[White "Behrhorst, Frank"]
[Black "Schmidt, Bodo"]
[Result "1/2-1/2"]
[WhiteElo "2255"]
[BlackElo "2360"]

1.c4 c6 2.Nc3 d5 3.cxd5 cxd5 4.d4 Nf6 5.Nf3 Nc6 6.Bf4 e6 7.e3 Be7 8.Bd3 O-O
9.Ne5 Bd7 10.O-O Nxe5 11.Bxe5 Bc6 12.Bxf6 Bxf6 13.f4 Qb6 14.Rf2 g6 15.g4  1/2-1/2

[Event "Bundesliga 8182"]
[Site "Germany"]
[Date "1982.??.??"]
[Round "?"]
[White "Bassler, Markus"]
[Black "Hommel, Gerhard"]
[Result "1-0"]
[WhiteElo "2235"]
[BlackElo "2240"]

1.c4 c6 2.Nf3 d5 3.b3 Nf6 4.Bb2 g6 5.g3 Bg7 6.Bg2 Qb6 7.cxd5 Ne4 8.d4 cxd5
9.O-O Nc6 10.Nc3 Nxc3 11.Bxc3 O-O 12.Qd2 Be6 13.b4 a6 14.a4 h6 15.Rfb1 Na7
16.Ne5 Rfc8 17.e3 Qc7 18.Rc1 b5 19.Nd3 Qb6 20.Nc5 bxa4 21.Rxa4 Nb5 22.Rca1 Nxc3
23.Qxc3 Rc7 24.Qb3 Raa7 25.Bxd5 Bxd5 26.Qxd5 Rc8 27.Qc4 Qf6 28.Rxa6 Rxa6
29.Rxa6 Qf3 30.Rxg6 h5 31.h4 Kh7 32.Rxg7+ Kxg7 33.Ne6+ fxe6 34.Qxc8 Qe4 35.Qc5 Kf8
36.Qxh5 Qb1+ 37.Kg2 Qxb4 38.Qg6 Qb7+ 39.e4  1-0

[Event "Bundesliga 8182"]
[Site "Germany"]
[Date "1982.??.??"]
[Round "?"]
[White "Treppner, Gerd"]
[Black "Schmidt, Bodo"]
[Result "1/2-1/2"]
[WhiteElo "2295"]
[BlackElo "2360"]

1.c4 c6 2.d4 d5 3.Nf3 Nf6 4.cxd5 cxd5 5.Nc3 Nc6 6.Bf4 e6 7.e3 Be7 8.h3 Bd7
9.Bd3 O-O 10.O-O Qb6 11.Qe2 Nb4 12.Bb1 Rfc8 13.Ne5 Be8 14.a3 Nc6 15.Nxc6 Rxc6
16.Bd3 Qb3 17.Bc2 Qb6 18.Bd3 Rac8 19.Qd2 Kf8 20.Rfc1 Qb3 21.Rab1 Ne4 22.Nxe4 Rxc1+
23.Rxc1 Rxc1+ 24.Qxc1 Qxd3 25.Nd6 Bc6 26.Nc8 Qc4 27.Qxc4  1/2-1/2